KUDETA TITANIA / (Record no. 182996)

MARC details
000 -LEADER
fixed length control field 00757nam a22002657i 4500
005 - DATE AND TIME OF LATEST TRANSACTION
control field 20210328123157.0
008 - FIXED-LENGTH DATA ELEMENTS--GENERAL INFORMATION
fixed length control field 210328t20202020my ||||g |||| 00| f may d
020 ## - INTERNATIONAL STANDARD BOOK NUMBER
International Standard Book Number 9789834926885
Terms of availability RM30.00
Qualifying information paperback
040 ## - CATALOGING SOURCE
Original cataloging agency PPAK
Language of cataloging eng
Transcribing agency PPAK
Description conventions rda
082 04 - DEWEY DECIMAL CLASSIFICATION NUMBER
Edition number 23
Classification number 899.2333
090 00 - LOCALLY ASSIGNED LC-TYPE CALL NUMBER (OCLC); LOCAL CALL NUMBER (RLIN)
Classification number (OCLC) (R) ; Classification number, CALL (RLIN) (NR) 899.2333
Feature heading ROS
Feature heading G
100 0# - MAIN ENTRY--PERSONAL NAME
Personal name Rosli Mohamad Ali,
Relator term author.
245 10 - TITLE STATEMENT
Title KUDETA TITANIA /
Statement of responsibility, etc. ROSLI MOHAMAD ALI
264 #1 - PRODUCTION, PUBLICATION, DISTRIBUTION, MANUFACTURE, AND COPYRIGHT NOTICE
Place of production, publication, distribution, manufacture Kuala Lumpur :
Name of producer, publisher, distributor, manufacturer Dewan Bahasa dan Pustaka,
Date of production, publication, distribution, manufacture, or copyright notice 2020
Date of production, publication, distribution, manufacture, or copyright notice ©2020
300 ## - PHYSICAL DESCRIPTION
Extent 316 pages ;
Dimensions 19 cm
336 ## - CONTENT TYPE
Source rdacontent
Content type term text
337 ## - MEDIA TYPE
Source rdamedia
Media type term unmediated
338 ## - CARRIER TYPE
Source rdacarrier
Carrier type term volume
490 1# - SERIES STATEMENT
Series statement NOVEL REMAJA
650 10 - SUBJECT ADDED ENTRY--TOPICAL TERM
Topical term or geographic name entry element Malay fiction
Topical term or geographic name entry element Malaysian fiction
830 #0 - SERIES ADDED ENTRY--UNIFORM TITLE
Uniform title Novel remaja
942 ## - ADDED ENTRY ELEMENTS (KOHA)
Source of classification or shelving scheme Dewey Decimal Classification
Koha item type Book
Holdings
Withdrawn Not for loan Current library Shelving location Date acquired Full call number Barcode Date last seen Koha item type Total Checkouts Date last checked out
    Perpustakaan Alor Setar Pinjaman Dewasa 25/04/2021 899.2333 ROS A01684869 25/04/2021 Book    
    Perpustakaan Awam Sungai Petani Pinjaman Dewasa 25/04/2021 899.2333 ROS A01684870 25/04/2021 Book    
    Perpustakaan Baling Pinjaman Dewasa 25/04/2021 899.2333 ROS A01684872 25/04/2021 Book    
    Perpustakaan Bandar Baharu Pinjaman Dewasa 25/04/2021 899.2333 ROS A01684873 25/04/2021 Book    
    Perpustakaan Kulim Pinjaman Dewasa 25/04/2021 899.2333 ROS A01684871 16/03/2024 Book 1 28/02/2024
    Perpustakaan Merbok Pinjaman Dewasa 25/04/2021 899.2333 ROS A01684874 12/04/2023 Book 1 21/03/2023
    Perpustakaan Yan Pinjaman Dewasa 25/04/2021 899.2333 ROS A01684875 25/04/2021 Book